History Quiz

Random History or Famous Quiz

Pick the Famous French People Quiz Stats

 Plays Quiz Updated Jul 13, 2017

Support Sporcle.
Go Orange.
Score 0/25 Timer 08:00
0 Plays Today
% Correct
Gustave Eiffel
96.5%
Daft Punk
96%
Louis XIV
95.1%
Napoleon I
91.4%
Armand Peugeot
91.4%
Charles de Gaulle
91.4%
Louis Pasteur
91%
Nostradamus
89.8%
Victor Hugo
89.6%
Claude Monet
87.9%
Brigitte Bardot
86.7%
Jeanne d'Arc
85.2%
Yves Saint Laurent
84.9%
% Correct
Auguste Rodin
84.1%
Juliette Binoche
83.2%
Maximilien Robespierre
81.3%
René Descartes
79.9%
Édith Piaf
79.6%
Jacques-Yves Cousteau
79.6%
Paul Cézanne
77.5%
Georges Bizet
76.2%
Georges Clemenceau
74.7%
Antoine de Saint-Exupéry
69.8%
Jacques Cartier
68.7%
Voltaire
63.4%

You're not logged in!

Compare scores with friends on all Sporcle quizzes.
OR
Log In
Forgot?

From the Vault

Top Hit Artists of the '60s

by caramba

Time to dust off those old records and turn on the lava lamp, because it's a '60s music quiz.
Remove Ads.
Support Sporcle.
Get the best of Sporcle when you Go Orange. This ad-free experience offers more features, more stats, and more fun while also helping to support Sporcle. Thank you for becoming a member.

Show Comments

Extras

Top Quizzes Today


Score Distribution

Your Account Isn't Verified!

In order to create a playlist on Sporcle, you need to verify the email address you used during registration. Go to your Sporcle Settings to finish the process.

Report this User

Report this user for behavior that violates our Community Guidelines.

Details: